Dimensiones econm̤icas, sociales e institucionales del desarrollo sustentable

Bibliographic Details
Format: eBook
Language:Spanish
Published: Ciudad de Mx̌ico: Cm̀ara de Diputados, 2011
Subjects:
Online Access:Acceso restringido

MARC

LEADER 00000nam a22000007a 4500
005 20171205180537.0
007 cr|||| ||||
008 171205s2011 mx |||||s|||| 00||0 spa d
020 |a 978-607-401-487-7 
035 |a 20802 
040 |a vLex 
090 |c 7268  |d 7268 
245 0 0 |a Dimensiones econm̤icas, sociales e institucionales del desarrollo sustentable  |h [Recurso electrn̤ico] 
256 |a Servicio en ln̕ea 
260 |a Ciudad de Mx̌ico:  |b Cm̀ara de Diputados,  |c 2011 
300 |a 1 recurso electrn̤ico (390p.) 
506 1 |a Disponible solo en los productos indicados  |d vLex Global  |d vLex Global (Academic Edition, excluding Law Schools)  |d vLex Global (U.S. Academic Edition, Law Schools)  |d vLex Global (U.S. Academic Edition, excluding Law Schools)  |d vLex Global (Academic Edition, Law Schools) 
650 0 4 |a Economa̕  |z Mx̌ico 
650 0 4 |a Negocios  |z Mx̌ico 
740 0 |a vLex Libros (Servicio en ln̕ea) 
856 4 0 |u http://vlex.com/source/dimensiones-economicas-sociales-institucionales-desarrollo-sustentable-20802  |z Acceso restringido 
942 |c BOOK 
999 0 |a Economics 
999 0 |a Business